Kiểm toán

Sách giới thiệu các kiến thức mang tính nguyên lý của hoạt động kiểm toán, với trọng tâm là kiểm toán độc lập. Sách còn tập trung kiến thức thực hành kiểm toán và giới thiệu thêm các hoạt động kiểm toán chuyên biệt....

全面介绍

Đã lưu trong:
书目详细资料
其他作者: Trần Thị Giang Tân. (Chủ biên), Vũ Hữu Đức (Chủ biên), Phạm Thị Ngọc Bích (Chủ biên), Võ Anh Dũng (Chủ biên)
格式: 图书
语言:Vietnamese
出版: Tp. Hồ Chí Minh Lao động 2021
版:Tái bản lần thứ 1
主题:
标签: 添加标签
没有标签, 成为第一个标记此记录!
Thư viện lưu trữ: Thư viện Trường Đại học Nam Cần Thơ
LEADER 01599nam a22002657a 4500
001 NCT_142416
008 190110b xxu||||| |||| 00| 0 vie d
999 |c 7333  |d 7333 
020 |a 9786043433456  |c 200000 
082 0 4 |2 23rd ed.  |a 657.45  |b K304T 
245 0 0 |a Kiểm toán  |c Trần Thị Giang Tân...[et al.] 
250 |a Tái bản lần thứ 1 
260 |a Tp. Hồ Chí Minh  |b Lao động  |c 2021 
300 |a 654 tr.  |b Bảng  |c 27cm 
500 |a ĐTTS ghi: Trường Đại học Kinh tế TP Hồ Chí Minh. Khoa Kế toán. Bộ môn Kiểm toán 
520 3 |a Sách giới thiệu các kiến thức mang tính nguyên lý của hoạt động kiểm toán, với trọng tâm là kiểm toán độc lập. Sách còn tập trung kiến thức thực hành kiểm toán và giới thiệu thêm các hoạt động kiểm toán chuyên biệt. 
653 |a Kế toán 
700 1 |a Trần Thị Giang Tân.  |e Chủ biên 
700 1 |a Vũ Hữu Đức  |e Chủ biên 
700 1 |a Phạm Thị Ngọc Bích  |e Chủ biên 
700 1 |a Võ Anh Dũng  |e Chủ biên 
942 |2 ddc  |c BK 
952 |0 0  |1 0  |2 ddc  |4 0  |6 657_450000000000000_K304T  |7 0  |9 26392  |a 000001  |b 000001  |d 2022-11-03  |o 657.45 K304T  |p MD.20840  |r 2022-11-03  |v 200000.00  |w 2022-11-03  |y BK 
952 |0 0  |1 0  |2 ddc  |4 0  |6 657_450000000000000_K304T  |7 0  |9 26393  |a 000001  |b 000001  |d 2022-11-03  |l 1  |o 657.45 K304T  |p MD.20841  |q 2023-05-18  |r 2023-04-18  |s 2023-04-18  |v 200000.00  |w 2022-11-03  |y BK 
980 |a Thư viện Trường Đại học Nam Cần Thơ